<?xml version="1.0" encoding="UTF-8"?>
<record
    xmlns:xsi="http://www.w3.org/2001/XMLSchema-instance"
    xsi:schemaLocation="http://www.loc.gov/MARC21/slim http://www.loc.gov/standards/marcxml/schema/MARC21slim.xsd"
    xmlns="http://www.loc.gov/MARC21/slim">

  <leader>00966nam a2200241 a 4500</leader>
  <controlfield tag="003">CO-ViMGA</controlfield>
  <controlfield tag="005">20230915233145.0</controlfield>
  <controlfield tag="008">110125s2009    ag a   gr     000 0dspa d</controlfield>
  <datafield tag="020" ind1=" " ind2=" ">
    <subfield code="a">9788498351941</subfield>
  </datafield>
  <datafield tag="040" ind1=" " ind2=" ">
    <subfield code="a">CO-ViMGA</subfield>
    <subfield code="b">spa</subfield>
    <subfield code="c">CO-ViMGA</subfield>
  </datafield>
  <datafield tag="082" ind1="0" ind2="4">
    <subfield code="a">616.89 </subfield>
    <subfield code="b">G65c1 </subfield>
    <subfield code="2">20</subfield>
  </datafield>
  <datafield tag="100" ind1="1" ind2=" ">
    <subfield code="a">G&#xF3;mez del Barrio, Jos&#xE9; Andr&#xE9;s.</subfield>
    <subfield code="9">5641</subfield>
  </datafield>
  <datafield tag="245" ind1="1" ind2="0">
    <subfield code="a">Convivir con los trastornos de la conducta alimentaria : </subfield>
    <subfield code="b">anorexia, bulimia y trastorno por atracones / </subfield>
    <subfield code="c">Jos&#xE9; Andr&#xE9;s G&#xF3;mez del Barrio, Mar&#xED;a del Casta&#xF1;ar Garc&#xED;a G&#xF3;mez y Lu&#xED;s Pablo Corral Collantes.</subfield>
  </datafield>
  <datafield tag="260" ind1=" " ind2=" ">
    <subfield code="a">Buenos Aires ; Madrid : </subfield>
    <subfield code="b">Editorial M&#xE9;dica Panamericana, </subfield>
    <subfield code="c">2009.</subfield>
  </datafield>
  <datafield tag="300" ind1=" " ind2=" ">
    <subfield code="a">v, 116 p. : </subfield>
    <subfield code="b">il. col. ; </subfield>
    <subfield code="c">20 cm.</subfield>
  </datafield>
  <datafield tag="490" ind1="1" ind2=" ">
    <subfield code="a">Colecci&#xF3;n convivir con..</subfield>
  </datafield>
  <datafield tag="650" ind1="1" ind2="4">
    <subfield code="a">Bulimia.</subfield>
    <subfield code="9">5644</subfield>
  </datafield>
  <datafield tag="650" ind1="1" ind2="4">
    <subfield code="a">Trastornos alimenticios.</subfield>
    <subfield code="9">5642</subfield>
  </datafield>
  <datafield tag="650" ind1="1" ind2="4">
    <subfield code="a">Anorexia.</subfield>
    <subfield code="9">5643</subfield>
  </datafield>
  <datafield tag="700" ind1="1" ind2=" ">
    <subfield code="a">Corral Collantes, Lu&#xED;s Pablo.</subfield>
    <subfield code="9">5646</subfield>
  </datafield>
  <datafield tag="700" ind1="1" ind2=" ">
    <subfield code="a">Garc&#xED;a G&#xF3;mez, Mar&#xED;a del Casta&#xF1;ar.</subfield>
    <subfield code="9">5645</subfield>
  </datafield>
  <datafield tag="942" ind1=" " ind2=" ">
    <subfield code="2">ddc</subfield>
    <subfield code="c">REF</subfield>
  </datafield>
  <datafield tag="999" ind1=" " ind2=" ">
    <subfield code="c">36023</subfield>
    <subfield code="d">36023</subfield>
  </datafield>
  <datafield tag="952" ind1=" " ind2=" ">
    <subfield code="0">0</subfield>
    <subfield code="1">0</subfield>
    <subfield code="2">ddc</subfield>
    <subfield code="4">0</subfield>
    <subfield code="7">0</subfield>
    <subfield code="8">002</subfield>
    <subfield code="a">MEVIECAR</subfield>
    <subfield code="b">MEVIECAR</subfield>
    <subfield code="d">2016-09-06</subfield>
    <subfield code="l">0</subfield>
    <subfield code="o">616.89 G65c1</subfield>
    <subfield code="p">30650</subfield>
    <subfield code="r">2016-09-06 00:00:00</subfield>
    <subfield code="t">Ej.1</subfield>
    <subfield code="w">2016-09-06</subfield>
    <subfield code="y">BK</subfield>
  </datafield>
</record>
